Lịch sử văn học Xô viết
Wedi'i Gadw mewn:
| Prif Awdur: | |
|---|---|
| Fformat: | Llyfr |
| Iaith: | Undetermined |
| Cyhoeddwyd: |
Hà Nội
Giáo Dục
1970
|
| Pynciau: | |
| Tagiau: |
Ychwanegu Tag
Dim Tagiau, Byddwch y cyntaf i dagio'r cofnod hwn!
|
| Thư viện lưu trữ: | Trung tâm Học liệu Trường Đại học Cần Thơ |
|---|
| LEADER | 00491nam a2200169Ia 4500 | ||
|---|---|---|---|
| 001 | CTU_46840 | ||
| 008 | 210402s9999 xx 000 0 und d | ||
| 082 | |a 891.7009 | ||
| 082 | |b N962/1970 | ||
| 100 | |a Melich Nubarov | ||
| 245 | 0 | |a Lịch sử văn học Xô viết | |
| 245 | 0 | |c Melich Nubarov | |
| 260 | |a Hà Nội | ||
| 260 | |b Giáo Dục | ||
| 260 | |c 1970 | ||
| 650 | |a russian literature - history and criticism | ||
| 980 | |a Trung tâm Học liệu Trường Đại học Cần Thơ | ||